Costos y presupuestos Reto de todos los da̕s /

Bibliographic Details
Main Author: Rivero Zanatta, Juan Paulo
Format: eBook
Language:Spanish
Published: Bogot:̀ Ediciones de la U, 2015
Subjects:
Online Access:Acceso restringido

MARC

LEADER 00000nam a22000007a 4500
005 2021051700040.0
007 cr|||| ||||
008 210517s2015 co |||||s|||| 00||0 spa d
020 |a 978-958-762-460-1 
035 |a 33350 
040 |a vLex 
090 |c 11701  |d 11701 
100 1 |a Rivero Zanatta, Juan Paulo 
245 1 0 |a Costos y presupuestos  |h [Recurso electrn̤ico] :  |b Reto de todos los da̕s /  |c Juan Paulo Rivero Zanatta 
256 |a Servicio en ln̕ea 
260 |a Bogot:̀  |b Ediciones de la U,  |c 2015 
300 |a 1 recurso electrn̤ico 
500 |a La presente obra busca introducir a estudiantes y profesionales de cualquier carrera en el mundo de los costos y presupuestos, de una forma clara y dinm̀ica. Como veremos en las siguientes pg̀inas, los temas presentados guardan relacin̤ con la vida cotidiana de las personas y las empresas. ¿Cul̀ es el costo del producto? ¿Cm̤o realizo un presupuesto familiar? Todos de alguna manera hemos respondido a estas interrogantes en algn︢ momento o hemos tomado alguna decisin̤ relacionada con estos conceptos. Por ello adquiere relevancia el comprender cm̤o se determinan los costos, su composicin̤ y cm̤o se diferencian de los presupuestos en nuestra realidad. En esta primera edicin̤ se abarcan los temas principales que serǹ de utilidad en el anl̀isis de la situacin̤ de cualquier tipo de empresa, o inclusive desde una perspectiva personal. 
506 1 |a Disponible solo en los productos indicados  |d vLex Global  |d vLex Global (Academic Edition, excluding Law Schools)  |d vLex Global (U.S. Academic Edition, Law Schools)  |d vLex Global (U.S. Academic Edition, excluding Law Schools)  |d vLex Global (Academic Edition, Law Schools) 
650 0 4 |a Contabilidad  |z Colombia 
650 0 4 |a Banca y finanzas  |z Colombia 
740 0 |a vLex Libros (Servicio en ln̕ea) 
856 4 0 |u https://vlex.com/source/costos-y-presupuestos-reto-de-todos-los-dias-33350  |z Acceso restringido 
942 |c BOOK 
999 0 |a Accounting 
999 0 |a Banking and finance